Prehľad odvodov poistného pre základné kategórie poistencov od 1.1.2018

Salvato in:
Dettagli Bibliografici
Autore principale: Dobšovič, D.
Natura: Capitolo di libro
Lingua:slovacco
Soggetti:
Tags: Aggiungi Tag
Nessun Tag, puoi essere il primo ad aggiungerne!!

MARC

LEADER 00000naa a2200000 4500
001 0240324
005 20180219103347.6
041 0 |a slo 
044 |a SK 
245 1 0 |a Prehľad odvodov poistného pre základné kategórie poistencov od 1.1.2018  |c D. Dobšovič 
500 |a Tab. 
610 2 0 |a odvody 
610 2 0 |a poistenie sociálne 
610 2 0 |a poistenie zdravotné 
610 2 0 |a zamestnanci 
610 2 0 |a osoby samostatne zárobkovo činné 
610 2 0 |a zmluvy pracovné 
610 2 0 |a dohody o vykonaní práce 
610 2 0 |a dohody o činnosti pracovnej 
610 2 0 |a spoločníci 
610 2 0 |a konatelia 
100 1 |a Dobšovič, D.